Dramatización infantil: expresarse a través del teatro
Tallennettuna:
| Päätekijät: | , , |
|---|---|
| Aineistotyyppi: | Kirja |
| Kieli: | espanja |
| Julkaistu: |
Madrid
Narcea
1998
|
| Painos: | 2a. ed |
| Sarja: | Colección Primeros Años
|
| Aiheet: | |
| Tagit: |
Lisää tagi
Ei tageja, Lisää ensimmäinen tagi!
|
MARC
| LEADER | 00000nam a2200000 a 4500 | ||
|---|---|---|---|
| 001 | UCN6963 | ||
| 003 | CL-VaPUC | ||
| 008 | 011012e19980000SP |||||||||||||||||spa|d | ||
| 082 | 0 | 4 | |a 372.66 |b REN |2 21 |
| 100 | 0 | |a Renoult, Noelle |e author |9 462751 | |
| 700 | 0 | |a Renoult, Bernard |e author |9 462752 | |
| 700 | 0 | |a Vialaret, Corinne |e author |9 462753 | |
| 245 | 1 | 0 | |a Dramatización infantil: expresarse a través del teatro |
| 250 | |a 2a. ed | ||
| 300 | |a 125 p | ||
| 942 | |c BK | ||
| 945 | |d 20011012 00:00:00 |a rbrito | ||
| 260 | |a Madrid |b Narcea |c 1998 | ||
| 650 | 0 | |a Teatro escolar |9 307647 | |
| 650 | 0 | |a Educación artística |9 269035 | |
| 650 | 7 | |a TEATRO AL AIRE LIBRE |2 CL-VaPUC |9 462754 | |
| 650 | 0 | |a Artes escénicas |9 318853 | |
| 650 | 0 | |a Actividades culturales |9 335506 | |
| 650 | 0 | |a Educación básica |9 224933 | |
| 583 | |a last modification |c 20170828 12:42:17 |k Rodrigo Vera | ||
| 490 | 0 | |a Colección Primeros Años | |
| 999 | |c 297502 |d 297500 | ||
| 952 | |0 0 |1 0 |4 0 |6 372_660000000000000_REN_1998 |7 0 |8 A |9 352283 |a BIBEDU |b BIBEDU |d 2019-11-21 |i 3697932 |o 372.66 REN 1998 |p 3697932 |r 2019-11-21 |w 2019-11-21 |y BK |k EPE | ||